An appraisal of the UK's sugar beet outgoers' scheme (Record no. 72972)

MARC details
000 -LEADER
fixed length control field 01397cam a2200253 4500
001 - CONTROL NUMBER
control field ABS66849
008 - FIXED-LENGTH DATA ELEMENTS--GENERAL INFORMATION
fixed length control field 030701n2003 000 0 eng u
035 ## - SYSTEM CONTROL NUMBER
System control number (Sirsi) u122847
100 ## - MAIN ENTRY--PERSONAL NAME
Personal name Beaver, T.
245 #3 - TITLE STATEMENT
Title An appraisal of the UK's sugar beet outgoers' scheme
260 ## - PUBLICATION, DISTRIBUTION, ETC.
Date of publication, distribution, etc. 2003
490 ## - SERIES STATEMENT
Series statement Farm Management
Volume/sequential designation 11(8) April 2003, 513-529(9)
520 ## - SUMMARY, ETC.
Summary, etc. An Outgoers' Scheme offered UK sugar beet growers their first opportunity to permanently transfer sugar beet contract tonnage (commonly known as sugar beet quota) between farmers independently from the sale of land. Appraises the success of the scheme. Illustrates the link between the profitability of sugar beet and the value of contract tonnage by using two techniques (the payback and the discounted net cash flow). Accurate valuations require knowledge of marginal revenue and marginal cost and a view of the future profitability of the crop. The Outgoers' Scheme was introduced as a one off scheme, but the article concludes that there does not seem to be any good reason why it should not be repeated and could become a regular event.
590 ## - LOCAL NOTE (RLIN)
Local note ABS
650 ## - SUBJECT ADDED ENTRY--TOPICAL TERM
Topical term or geographic name entry element CAPITAL BUDGETING
650 ## - SUBJECT ADDED ENTRY--TOPICAL TERM
Topical term or geographic name entry element ARABLE CROPS
650 ## - SUBJECT ADDED ENTRY--TOPICAL TERM
Topical term or geographic name entry element DISCOUNTING
650 ## - SUBJECT ADDED ENTRY--TOPICAL TERM
Topical term or geographic name entry element NET PRESENT VALUE
650 ## - SUBJECT ADDED ENTRY--TOPICAL TERM
Topical term or geographic name entry element PAYBACK PERIODS
690 ## - LOCAL SUBJECT ADDED ENTRY--TOPICAL TERM (OCLC, RLIN)
Topical term or geographic name as entry element RURAL-AGRICULTURE AND FORESTRY
700 ## - ADDED ENTRY--PERSONAL NAME
Personal name Wilcockson, S
700 ## - ADDED ENTRY--PERSONAL NAME
Personal name Franks, J.
942 ## - ADDED ENTRY ELEMENTS (KOHA)
Suppress in OPAC 0
Holdings
Withdrawn status Lost status Source of classification or shelving scheme Damaged status Not for loan Home library Current library Shelving location Date acquired Total Checkouts Full call number Barcode Date last seen Copy number Price effective from Koha item type
    Dewey Decimal Classification     London London Journal article 01/07/2003   ABS66849 122847-1001 06/08/2019 1 06/08/2019 Journal article